Indian Politics and International Relations : (Record no. 1848139)

MARC details
000 -LEADER
fixed length control field 00485 a2200169 4500
005 - DATE AND TIME OF LATEST TRANSACTION
control field 20260410124424.0
008 - FIXED-LENGTH DATA ELEMENTS--GENERAL INFORMATION
fixed length control field 260410b |||||||| |||| 00| 0 eng d
020 ## - INTERNATIONAL STANDARD BOOK NUMBER
International Standard Book Number 9788178247021
040 ## - CATALOGING SOURCE
Transcribing agency SDCL
041 ## - LANGUAGE CODE
Source of code eng
Language code of text/sound track or separate title eng
084 ## - COLON CLASSIFICATION NUMBER
Classification number V2:24'P R5
100 ## - MAIN ENTRY--PERSONAL NAME
Personal name Sridharan, Eswaran
245 ## - TITLE STATEMENT
Title Indian Politics and International Relations :
Remainder of title Underexplored Issues and Approaches
260 ## - PUBLICATION, DISTRIBUTION, ETC.
Place of publication, distribution, etc. New Delhi :
Name of publisher, distributor, etc. Permanent Black,
Date of publication, distribution, etc. 2025.
300 ## - PHYSICAL DESCRIPTION
Extent xii, 388p.
942 ## - ADDED ENTRY ELEMENTS (KOHA)
Koha item type Textual
Source of classification or shelving scheme Colon Classification (CC)
999 ## -
-- 1848139
-- 1848139
Holdings
Withdrawn status Lost status Source of classification or shelving scheme Damaged status Not for loan Home library Current library Date acquired Source of acquisition Cost, normal purchase price Inventory number Total checkouts Full call number Barcode Date last seen Cost, replacement price Price effective from Koha item type
    Colon Classification (CC)     South Campus Library South Campus Library 2026-04-09 53 960.00 113 & 30/12/2025   V2:24'P R5 SC1691934 2026-04-09 1200.00 2026-04-09 Textual
Copyright @ Delhi University Library System